00550nam a2200169Ia 4500008004100000020001500041041001200056082001600068100001700084245003900101260003500140300000800175650001500183942000700198999001500205952016000220221030s9999 xx 000 0 und d a8121906512 aEnglish a105.23bKhu aR. S. Khurmi 0aText Book of Engineering Mechanics bS. Chand & CoaNew Delhic2002 a840 aMechanical cBK c3045d3045 pBE 5014g155.00l0o105.23 Khur2024-06-13 00:00:00w2022-10-30yBK003Print4071aMIETLIBbMIETLIBcBL-Second, FL-1, CUP-1, SH-2, R-2d2002-05-2010HBE